Νεολιθική Ελλάς
Αποθηκεύτηκε σε:
| Κύριος συγγραφέας: | |
|---|---|
| Μορφή: | Βιβλίο |
| Γλώσσα: | Greek |
| Δημοσίευση: |
Αθήνα :
Εθνική Τράπεζα της Ελλάδος,
c1973
|
| Θέματα: | |
| Ετικέτες: |
Προσθήκη ετικέτας
Δεν υπάρχουν, Καταχωρήστε ετικέτα πρώτοι!
|
MARC
| LEADER | 00000nam a2200000 i 4500 | ||
|---|---|---|---|
| 001 | 1/45990 | ||
| 008 | 961118s1973 gre d | ||
| 035 | |l 10026240 | ||
| 040 | |a GR-MY-UA |b gre |e aacr | ||
| 041 | 0 | |a gre | |
| 082 | 0 | |a 938.2 | |
| 100 | 1 | |a Θεοχάρης, Δημήτριος Ρ., |d 1919-1977. | |
| 245 | 1 | 0 | |a Νεολιθική Ελλάς / |c Δημήτριος Ρ. Θεοχάρης |
| 260 | |a Αθήνα : |b Εθνική Τράπεζα της Ελλάδος, |c c1973 | ||
| 300 | |a 356 σ. | ||
| 500 | |a Περιέχει βιβλιογραφία και ευρετήριο | ||
| 650 | 0 | 0 | |a History, Ancient. |
| 651 | 0 | |a Greece |x History. | |
| 651 | 0 | |a Greece |x Antiquities. | |
| 852 | |a INST |b CHIOS |e 19961118 |h 938.2 ΘΕΟ |p 005200010961 |q 005200010961 |t BK |y 0 | ||
| 909 | |a Χ |b 047909 | ||